| 000 | 00540nam a2200181Ia 4500 | ||
|---|---|---|---|
| 008 | 090123s9999 xx 000 0 und d | ||
| 082 | _b18233 | ||
| 100 | _aभट विठ्ठलराय | ||
| 245 | _aअजब भारतीय | ||
| 250 | _a1 | ||
| 260 |
_bसेवक मुद्रणालय _c1988 |
||
| 300 | _a122 | ||
| 600 | _aभट विठ्ठलराय | ||
| 630 | _aअजब भारतीय | ||
| 700 | _aभट विठ्ठलराय | ||
| 730 | _aअजब भारतीय | ||
| 942 | _cBOOK | ||
| 999 |
_c56294 _d56294 |
||